000 00409nab a2200145Ia 4500
003 ES-SlBCS
005 20210601141205.0
008 140529s1955 xxu||||| |||| 00| 0 spa d
041 _aspa
100 1 _aPeterson, Reginald
_9138996
245 0 4 _aThe Spirits of Christmas
_c Reginald Peterson
650 0 4 _aNavidad
_993143
773 0 _tDominicana
_gvol. 40, nº. 4, 1955, págs. 368-377
_wRev1398
942 _cAR
999 _c656697
_d656697